Normal view
MARC view
Entry Topical Term
001 - CONTROL NUMBER
- control field: 32971
003 - CONTROL NUMBER IDENTIFIER
- control field: OSt
005 - DATE AND TIME OF LATEST TRANSACTION
- control field: 20260703131410.0
008 - FIXED-LENGTH DATA ELEMENTS
- fixed length control field: 260703|| aca||aabn | a|a d
040 ## - CATALOGING SOURCE
- Original cataloging agency: OSt
- Transcribing agency: OSt
150 ## - HEADING--TOPICAL TERM
- Topical term or geographic name entry element: Rock music--religious aspects--christianity
670 ## - SOURCE DATA FOUND
- Source citation: Work cat.: (OSt)26098: Peters Steve 32969, Why knock rock, 1984
